| 000 | 01150nam a22002177a 4500 | ||
|---|---|---|---|
| 008 | 100628t xxu||||| |||| 00| 0 eng d | ||
| 020 | _a9770186821 | ||
| 082 |
_222 _a338.0956 _bس ي س |
||
| 100 |
_915296 _aالسيسى،صلاح الدين حسن |
||
| 245 |
_aالاتحاد الأوروبي والعملة الأوروبية الموحدة "اليورو" : _bالسوق العربية المشتركة : الواقع و الطموح / _cصلاح الدين حسن السيسى |
||
| 250 | _aطبعة خاصة | ||
| 260 |
_aالقاهرة: _bعالم الكتب، _c2003. |
||
| 300 |
_a131ص ؛ _c24سم. |
||
| 490 |
_915297 _aسلسلة قضايا إقتصادية |
||
| 610 |
_917294 _aالإتحاد الأوربى |
||
| 650 |
_915261 _aالسوق العربية المشتركة |
||
| 651 |
_915300 _aأوروبا _xالتكامل الإقتصادى |
||
| 651 |
_915246 _aالعالم العربي _xالأحوال الاقتصادية |
||
| 942 |
_2ddc _cBB |
||
| 999 |
_c14238 _d14238 |
||